[Event "Niedersachsen-ch op-A"]
[Site "Verden"]
[Date "2013.01.04"]
[Round "3"]
[White "Kimmich, Bernd"]
[Black "Luebsen, Keno"]
[Result "1/2-1/2"]
[WhiteElo "1868"]
[BlackElo "1971"]
[PlyCount "42"]
[EventDate "2013.01.03"]
[EventType "swiss"]
[EventRounds "7"]
[EventCountry "GER"]
[SourceTitle "EXT 2014"]
[Source "ChessBase"]
[SourceDate "2013.11.20"]
[SourceVersion "1"]
[SourceVersionDate "2013.11.20"]
[SourceQuality "1"]

1. d4 d5 2. c4 c6 3. Nf3 Nf6 4. Nc3 dxc4 5. a4 Bf5 6. e3 e6 7. Bxc4 Bb4 8. 0-0 0-0 9. h3 Nbd7 10. Nh4 Ne4 11. Nxf5 exf5 12. Nxe4 fxe4 13. Qc2 Qe7 14. a5 Nf6 15. Rd1 a6 16. Ra4 Rfd8 17. Qb3 Bd6 18. Bd2 Rd7 19. Bb4 Bxb4 20. Rxb4 Rad8 21. Rb6 Kf8 1/2-1/2

[Event "Niedersachsen-ch op-A"]
[Site "Verden"]
[Date "2013.01.03"]
[Round "2"]
[White "Hesse, Juergen"]
[Black "Kimmich, Bernd"]
[Result "1/2-1/2"]
[WhiteElo "2030"]
[BlackElo "1868"]
[PlyCount "22"]
[EventDate "2013.01.03"]
[EventType "swiss"]
[EventRounds "7"]
[EventCountry "GER"]
[SourceTitle "EXT 2014"]
[Source "ChessBase"]
[SourceDate "2013.11.20"]
[SourceVersion "1"]
[SourceVersionDate "2013.11.20"]
[SourceQuality "1"]

1. e4 d5 2. exd5 Nf6 3. d4 Qxd5 4. c4 Qd8 5. Nc3 Bf5 6. Nge2 e6 7. f3 Nc6 8. a3 Be7 9. Be3 h6 10. Qd2 Na5 11. g4 Nxc4 1/2-1/2

[Event "Bad Harzburg op 13th"]
[Site "Bad Harzburg"]
[Date "2012.11.01"]
[Round "4"]
[White "Meyer, Ulrich"]
[Black "Kimmich, Bernd"]
[Result "1-0"]
[WhiteElo "2067"]
[BlackElo "1886"]
[PlyCount "59"]
[EventDate "2012.10.30"]
[EventType "swiss"]
[EventRounds "8"]
[EventCountry "GER"]
[SourceTitle "EXT 2014"]
[Source "ChessBase"]
[SourceDate "2013.11.20"]
[SourceVersion "1"]
[SourceVersionDate "2013.11.20"]
[SourceQuality "1"]

1. f4 d5 2. Nf3 Nf6 3. b3 c5 4. e3 Bg4 5. Bb2 Nc6 6. Bb5 a6 7. Bxc6+ bxc6 8. 0-0 e6 9. d3 Bxf3 10. Qxf3 Be7 11. Nd2 Rb8 12. a4 Qa5 13. Qe2 0-0 14. g4 d4 15. Nc4 Qc7 16. e4 g6 17. Bc1 Rfe8 18. Bd2 Rb7 19. Qg2 Kh8 20. Rf3 Bf8 21. Rh3 Bg7 22. Rf1 Qc8 23. Nd6 Qd7 24. Nxb7 Qxb7 25. f5 exf5 26. gxf5 Nh5 27. Kh1 Qc7 28. Rxh5 gxh5 29. f6 Bf8 30. Rg1 1-0

[Event "Arber op 1st"]
[Site "Bayerisch Eisenstein"]
[Date "2012.08.23"]
[Round "6"]
[White "Phenn, Ullrich"]
[Black "Kimmich, Bernd"]
[Result "1-0"]
[WhiteElo "1885"]
[BlackElo "1809"]
[PlyCount "62"]
[EventDate "2012.08.18"]
[EventType "swiss"]
[EventRounds "9"]
[EventCountry "GER"]
[SourceTitle "CBM 150 Extra"]
[Source "ChessBase"]
[SourceDate "2012.10.19"]
[SourceVersion "1"]
[SourceVersionDate "2012.10.19"]
[SourceQuality "1"]

1. d4 d5 2. c4 c6 3. Nc3 e6 4. e3 Nf6 5. Nf3 Nbd7 6. Qc2 Bd6 7. e4 dxe4 8. Nxe4 Nxe4 9. Qxe4 0-0 10. Bd2 e5 11. 0-0-0 f5 12. Qc2 exd4 13. Nxd4 Nc5 14. f3 Be5 15. Bc3 Qf6 16. Be2 f4 17. g4 Rd8 18. g5 Qf7 19. Nxc6 Bf5 20. Qxf5 bxc6 21. Qxe5 Na4 22. Rxd8+ Rxd8 23. Qa5 Qe7 24. Rd1 Qe3+ 25. Bd2 Qe7 26. Bxf4 Rf8 27. Qe5 Qb4 28. Bd2 Qb6 29. c5 Qb7 30. Bc4+ Kh8 31. Re1 Qd7 1-0

[Event "Arber op 1st"]
[Site "Bayerisch Eisenstein"]
[Date "2012.08.22"]
[Round "5"]
[White "Kimmich, Bernd"]
[Black "Angermuende, Dirk"]
[Result "1/2-1/2"]
[WhiteElo "1809"]
[BlackElo "1986"]
[PlyCount "57"]
[EventDate "2012.08.18"]
[EventType "swiss"]
[EventRounds "9"]
[EventCountry "GER"]
[SourceTitle "CBM 150 Extra"]
[Source "ChessBase"]
[SourceDate "2012.10.19"]
[SourceVersion "1"]
[SourceVersionDate "2012.10.19"]
[SourceQuality "1"]

1. d4 e6 2. c4 Nf6 3. Nf3 c5 4. e3 cxd4 5. exd4 d5 6. Nc3 Be7 7. Bd3 dxc4 8. Bxc4 0-0 9. 0-0 Nbd7 10. Qe2 Nb6 11. Bb3 Nbd5 12. Ne5 a6 13. Bd2 Qd6 14. Rac1 b5 15. Nxd5 Nxd5 16. Rc6 Qd8 17. Qf3 Nf6 18. Rc2 Bd7 19. Rfc1 h6 20. Rc7 Bd6 21. Rxd7 Nxd7 22. Nxf7 Rxf7 23. Bxe6 Nf6 24. Qb7 Nd7 25. Qd5 Bxh2+ 26. Kxh2 Qh4+ 27. Kg1 Qxf2+ 28. Kh2 Qh4+ 29. Kg1 1/2-1/2

[Event "Arber op 1st"]
[Site "Bayerisch Eisenstein"]
[Date "2012.08.18"]
[Round "1"]
[White "Kimmich, Bernd"]
[Black "Medunova, Vera"]
[Result "0-1"]
[WhiteElo "1809"]
[BlackElo "2194"]
[PlyCount "104"]
[EventDate "2012.08.18"]
[EventType "swiss"]
[EventRounds "9"]
[EventCountry "GER"]
[SourceTitle "CBM 150 Extra"]
[Source "ChessBase"]
[SourceDate "2012.10.19"]
[SourceVersion "1"]
[SourceVersionDate "2012.10.19"]
[SourceQuality "1"]

1. d4 Nf6 2. Nf3 c5 3. e3 e6 4. c4 d5 5. Nc3 Nc6 6. Bd3 dxc4 7. Bxc4 a6 8. 0-0 cxd4 9. exd4 Be7 10. a3 0-0 11. d5 exd5 12. Nxd5 Nxd5 13. Bxd5 Bf6 14. Ra2 Ne7 15. Bb3 Qxd1 16. Bxd1 Be6 17. b3 Rfd8 18. Rd2 h6 19. Bc2 Rxd2 20. Bxd2 Nc6 21. Be4 Rc8 22. Rb1 Be7 23. b4 f5 24. Bc2 b5 25. Bb3 Bxb3 26. Rxb3 Bf6 27. Kf1 g5 28. Bc3 Be7 29. Bb2 g4 30. Ne5 Nxe5 31. Bxe5 Kf7 32. h3 h5 33. Rd3 Rc1+ 34. Ke2 Rc2+ 35. Ke1 Ke6 36. Bf4 Rc4 37. Bd2 Bf6 38. hxg4 hxg4 39. g3 Rd4 40. Re3+ Re4 41. Kd1 Rxe3 42. Bxe3 Kd5 43. Kc2 Ke4 44. Kb3 Kd3 45. a4 Be5 46. axb5 axb5 47. Bc5 Bc3 48. Bd6 Be1 49. Bc5 Ke2 50. Kc2 Bxf2 51. Bd6 Be1 52. Kc1 Kf3 0-1

[Event "Pfalz op 03rd"]
[Site "Neustadt an der Weinstrasse"]
[Date "2012.03.03"]
[Round "7"]
[White "Kimmich, Bernd"]
[Black "Lechnauer, Uwe"]
[Result "1-0"]
[WhiteElo "1868"]
[BlackElo "1932"]
[PlyCount "63"]
[EventDate "2012.02.17"]
[EventType "swiss"]
[EventRounds "9"]
[EventCountry "GER"]
[SourceTitle "EXT 2013"]
[Source "ChessBase"]
[SourceDate "2012.11.22"]
[SourceVersion "1"]
[SourceVersionDate "2012.11.22"]
[SourceQuality "1"]

1. d4 d5 2. Nf3 Nd7 3. c4 dxc4 4. e3 Nb6 5. Na3 Bg4 6. Nxc4 Qd5 7. Nxb6 Qa5+ 8. Bd2 Qxb6 9. Qa4+ Bd7 10. Qb4 Qxb4 11. Bxb4 f6 12. Bc4 Nh6 13. 0-0 a5 14. Bc3 e6 15. a3 Nf7 16. Rfc1 Be7 17. b4 b5 18. Bb3 a4 19. Ba2 c6 20. e4 Rc8 21. Bb2 Nd8 22. Ne1 h5 23. Nd3 Rh6 24. Re1 h4 25. f4 Kf8 26. Rac1 g6 27. Rc2 Rh5 28. Rce2 Rc7 29. d5 exd5 30. exd5 Bg4 31. d6 Bxd6 32. Re8+ 1-0

[Event "Pfalz op 03rd"]
[Site "Neustadt an der Weinstrasse"]
[Date "2012.02.20"]
[Round "2"]
[White "Altmann, Jens"]
[Black "Kimmich, Bernd"]
[Result "1/2-1/2"]
[WhiteElo "2071"]
[BlackElo "1868"]
[PlyCount "120"]
[EventDate "2012.02.17"]
[EventType "swiss"]
[EventRounds "9"]
[EventCountry "GER"]
[SourceTitle "EXT 2013"]
[Source "ChessBase"]
[SourceDate "2012.11.22"]
[SourceVersion "1"]
[SourceVersionDate "2012.11.22"]
[SourceQuality "1"]

1. e4 d5 2. exd5 Qxd5 3. Nc3 Qa5 4. d4 Nf6 5. Bc4 c6 6. Bd2 Bf5 7. Nf3 e6 8. 0-0 Nbd7 9. a3 Qc7 10. h3 h6 11. Re1 Be7 12. Qe2 0-0 13. Bb3 Rfe8 14. g4 Bh7 15. g5 hxg5 16. Nxg5 Bf5 17. Qf3 Nd5 18. Bxd5 cxd5 19. Nxd5 Qxc2 20. Nxe7+ Rxe7 21. Bc3 Nf6 22. Rac1 Qb3 23. Re3 Qd5 24. Qg3 Rc8 25. Rce1 Rec7 26. Qh4 Bg6 27. Re5 Qd6 28. f4 Rc4 29. Nf3 Nd5 30. Bd2 Rc2 31. R1e2 Ne7 32. Bb4 Rxe2 33. Rxe2 Qd5 34. Qg4 Nf5 35. Bc3 Nh6 36. Qg3 Bh5 37. Kf2 Nf5 38. Qg2 f6 39. Rd2 Nd6 40. Rd3 Ne4+ 41. Kg1 Qf5 42. Bd2 Rc2 43. Nh4 Qh7 44. f5 exf5 45. d5 Rxb2 46. d6 Nxd2 47. Rxd2 Rxd2 48. Qxd2 Be8 49. Qd5+ Kf8 50. Nxf5 Bd7 51. Ne7 Qb1+ 52. Kf2 Qc2+ 53. Ke1 Qc1+ 54. Kf2 Qf4+ 55. Ke1 Qe5+ 56. Qxe5 fxe5 57. Ng6+ Kg8 58. Nxe5 Bxh3 59. d7 Bxd7 60. Nxd7 Kf7 1/2-1/2

[Event "Braunschweig Oker Cup"]
[Site "Braunschweig"]
[Date "2011.12.04"]
[Round "5"]
[White "Wiese, Uwe"]
[Black "Kimmich, Bernd"]
[Result "1-0"]
[WhiteElo "1783"]
[BlackElo "1887"]
[PlyCount "143"]
[EventDate "2011.12.02"]
[EventType "swiss"]
[EventRounds "5"]
[EventCountry "GER"]
[SourceTitle "EXT 2013"]
[Source "ChessBase"]
[SourceDate "2012.11.22"]
[SourceVersion "1"]
[SourceVersionDate "2012.11.22"]
[SourceQuality "1"]

1. g4 d5 2. h3 e5 3. Bg2 Bc5 4. d3 c6 5. Nf3 Qc7 6. Nc3 b5 7. Bd2 Bb7 8. e3 Bd6 9. Qe2 Ne7 10. h4 Nd7 11. b3 Ba3 12. d4 e4 13. Ng5 h6 14. Nh3 Ng6 15. Nf4 Nxf4 16. exf4 0-0-0 17. Qe3 Kb8 18. Ne2 c5 19. 0-0 Nf6 20. Bh3 Bc8 21. f5 cxd4 22. Qxd4 Bd6 23. Rac1 Qc5 24. b4 Qxd4 25. Nxd4 Bd7 26. Rfe1 Be5 27. Nb3 Rhe8 28. Nc5 Bc6 29. c3 Nd7 30. Be3 Nb6 31. Bd4 Bf4 32. Bxg7 Bxc1 33. Rxc1 Rd6 34. Bd4 Nc4 35. Re1 Rg8 36. Nb3 h5 37. g5 Bd7 38. Kh1 Ra6 39. Nc5 Rd6 40. Re2 Bc8 41. a4 bxa4 42. Nxa4 Ra6 43. Nc5 Ra1+ 44. Kh2 Kc7 45. Nb3 Ra3 46. Nc5 Kc6 47. f3 exf3 48. Re7 Nd6 49. Nd3 Ra2+ 50. Kg3 Nxf5+ 51. Bxf5 Bxf5 52. Ne5+ Kb5 53. Rb7+ Ka4 54. Rxf7 Be4 55. Rxa7+ Kb3 56. Rxa2 Kxa2 57. Nxf3 Bxf3 58. Kxf3 Kb3 59. b5 Kc4 60. b6 Rf8+ 61. Kg3 Kb5 62. g6 Kc6 63. g7 Re8 64. Kf4 Re4+ 65. Kg5 Rg4+ 66. Kxh5 Rg2 67. Kh6 Rg4 68. Kh5 Rg2 69. Kh6 Rg4 70. h5 Kb7 71. Kh7 Rg5 72. g8Q 1-0

[Event "Braunschweig Oker Cup"]
[Site "Braunschweig"]
[Date "2011.12.03"]
[Round "2"]
[White "Kolthoff, Siegmund"]
[Black "Kimmich, Bernd"]
[Result "1-0"]
[WhiteElo "2151"]
[BlackElo "1887"]
[PlyCount "58"]
[EventDate "2011.12.02"]
[EventType "swiss"]
[EventRounds "5"]
[EventCountry "GER"]
[SourceTitle "EXT 2013"]
[Source "ChessBase"]
[SourceDate "2012.11.22"]
[SourceVersion "1"]
[SourceVersionDate "2012.11.22"]
[SourceQuality "1"]

1. d4 d5 2. Nf3 Nf6 3. c4 c6 4. e3 e6 5. Bd3 dxc4 6. Bxc4 b5 7. Bd3 Bb7 8. 0-0 Be7 9. Qe2 a6 10. a4 0-0 11. Rd1 Qc7 12. e4 Rd8 13. Nbd2 Nbd7 14. e5 Ne8 15. Ne4 Nf8 16. Be3 Rac8 17. Bd2 Ra8 18. Rdc1 b4 19. a5 Rd5 20. Nc5 Bxc5 21. Rxc5 Ng6 22. g3 b3 23. Ra3 Rad8 24. Rxb3 Qe7 25. Bb4 Rxd4 26. Nxd4 Rxd4 27. Rc4 Rxc4 28. Bxe7 Rc1+ 29. Kg2 c5+ 1-0

[Event "Bad Woerishofen op 27th"]
[Site "Bad Woerishofen"]
[Date "2011.03.25"]
[Round "3"]
[White "Kimmich, Bernd"]
[Black "Schulz, Michael"]
[Result "0-1"]
[WhiteElo "1878"]
[BlackElo "2232"]
[PlyCount "94"]
[EventDate "2011.03.24"]
[EventType "swiss"]
[EventRounds "9"]
[EventCountry "GER"]
[SourceTitle "EXT 2012"]
[Source "ChessBase"]
[SourceDate "2011.11.24"]
[SourceVersion "1"]
[SourceVersionDate "2011.11.24"]
[SourceQuality "1"]

1. d4 Nf6 2. c4 c5 3. e3 g6 4. Nf3 Bg7 5. Nc3 0-0 6. Be2 cxd4 7. exd4 d5 8. 0-0 Nc6 9. h3 a6 10. Be3 dxc4 11. Bxc4 b5 12. Bb3 Bb7 13. a3 Rc8 14. Ba2 Na5 15. Ne5 Nd5 16. Nxd5 Bxd5 17. b4 Nc4 18. Nxc4 Bxc4 19. Re1 Qd5 20. Qd2 Rfd8 21. Bxc4 Rxc4 22. Rac1 e5 23. Rcd1 exd4 24. Bg5 Rdc8 25. Be7 Qf5 26. Qd3 Qxd3 27. Rxd3 Rc1 28. Rxc1 Rxc1+ 29. Kh2 Be5+ 30. g3 f5 31. Bg5 Rc3 32. Rxc3 dxc3 33. Kg2 f4 34. gxf4 Bd4 35. f5 gxf5 36. Kf3 Kf7 37. Ke2 Kg6 38. Bf4 Kh5 39. Bg3 Kg5 40. f4+ Kf6 41. Kd3 Ke6 42. Be1 Kd5 43. Bg3 h5 44. Bh4 c2 45. Kxc2 Ke4 46. Kb3 Kxf4 47. a4 Kf3 0-1

[Event "Niedersachsen-ch op"]
[Site "Verden"]
[Date "2011.01.04"]
[Round "6"]
[White "Hapke, Thorsten"]
[Black "Kimmich, Bernd"]
[Result "1/2-1/2"]
[WhiteElo "1578"]
[BlackElo "1887"]
[PlyCount "72"]
[EventDate "2011.01.02"]
[EventType "swiss"]
[EventRounds "7"]
[EventCountry "GER"]
[SourceTitle "EXT 2018"]
[Source "ChessBase"]
[SourceDate "2017.10.13"]
[SourceVersion "1"]
[SourceVersionDate "2017.10.13"]
[SourceQuality "1"]

1. c4 c6 2. e4 d5 3. cxd5 cxd5 4. exd5 Qxd5 5. Nc3 Qe5+ 6. Be2 Nc6 7. Nf3 Qa5 8. d4 Nf6 9. 0-0 e6 10. Bf4 a6 11. Rc1 Be7 12. Bc4 0-0 13. Rc2 b5 14. Bb3 Nb4 15. Rd2 Bb7 16. Bg5 h6 17. Bh4 Rfd8 18. Re1 Nbd5 19. Nxd5 Bxd5 20. Bxd5 Rxd5 21. Ne5 Rc8 22. Bxf6 Bxf6 23. a3 Be7 24. Rd3 b4 25. axb4 Bxb4 26. Rf1 Qc7 27. Rf3 Rcd8 28. Qa4 Bd6 29. Qxa6 Rxd4 30. Rc3 Qb8 31. Nc6 Bxh2+ 32. Kh1 Qd6 33. Qa3 Rh4 34. Nxd8 Bg3+ 35. Kg1 Bh2+ 36. Kh1 Bg3+ 1/2-1/2

[Event "Niedersachsen-ch op"]
[Site "Verden"]
[Date "2011.01.02"]
[Round "1"]
[White "Kimmich, Bernd"]
[Black "Isensee, Lauritz"]
[Result "1-0"]
[WhiteElo "1887"]
[BlackElo "1068"]
[PlyCount "67"]
[EventDate "2011.01.02"]
[EventType "swiss"]
[EventRounds "7"]
[EventCountry "GER"]
[SourceTitle "EXT 2018"]
[Source "ChessBase"]
[SourceDate "2017.10.13"]
[SourceVersion "1"]
[SourceVersionDate "2017.10.13"]
[SourceQuality "1"]

1. d4 d5 2. c4 dxc4 3. e3 Bf5 4. Bxc4 e6 5. Nc3 Nf6 6. Nf3 Bb4 7. Qa4+ Nc6 8. Ne5 Bxc3+ 9. bxc3 0-0 10. Nxc6 bxc6 11. 0-0 Qd7 12. Ba3 Rfb8 13. Rac1 Ne4 14. Rfd1 Nd6 15. Be2 Nb5 16. Bc5 a6 17. Bf3 g5 18. g3 g4 19. Bg2 Na7 20. Qxa6 Nb5 21. Qxc6 Qxc6 22. Bxc6 Rxa2 23. e4 Bg6 24. Rb1 Rc2 25. Rxb5 Rxb5 26. Bxb5 Rxc3 27. Bd3 e5 28. Ba7 exd4 29. Bxd4 Rc6 30. Be5 Rc5 31. Bf6 h5 32. Ra1 Kh7 33. Ra8 Rc1+ 34. Kg2 1-0

[Event "Moehnesee Cup 36th"]
[Site "Moehnesee"]
[Date "2010.08.27"]
[Round "3"]
[White "Schubert, Gerhard"]
[Black "Kimmich, Bernd"]
[Result "1/2-1/2"]
[WhiteElo "2071"]
[BlackElo "1930"]
[PlyCount "61"]
[EventDate "2010.08.26"]
[EventType "swiss"]
[EventRounds "7"]
[EventCountry "GER"]
[SourceTitle "EXT 2011"]
[Source "ChessBase"]
[SourceDate "2010.11.26"]
[SourceVersion "1"]
[SourceVersionDate "2010.11.26"]
[SourceQuality "1"]

1. e4 d5 2. Nc3 c6 3. d4 dxe4 4. Nxe4 Bf5 5. Ng3 Bg6 6. h4 h6 7. h5 Bh7 8. c3 Nf6 9. Bd3 Bxd3 10. Qxd3 e6 11. f4 Bd6 12. Nf3 Nbd7 13. Bd2 Qb6 14. 0-0-0 0-0-0 15. Rde1 Kb8 16. Ne5 Rhf8 17. Qf3 Bxe5 18. fxe5 Nd5 19. Rh4 c5 20. Ne2 cxd4 21. Nxd4 Nc5 22. Rg4 g5 23. hxg6 fxg6 24. Qe2 g5 25. Rf1 Na4 26. Nb3 Rxf1+ 27. Qxf1 Ne3 28. Bxe3 Qxe3+ 29. Kc2 Nc5 30. Rd4 Rc8 31. Nxc5 1/2-1/2

[Event "Moehnesee Cup 36th"]
[Site "Moehnesee"]
[Date "2010.08.26"]
[Round "1"]
[White "Gruenhagen, Marc"]
[Black "Kimmich, Bernd"]
[Result "1-0"]
[WhiteElo "2133"]
[BlackElo "1930"]
[PlyCount "120"]
[EventDate "2010.08.26"]
[EventType "swiss"]
[EventRounds "7"]
[EventCountry "GER"]
[SourceTitle "EXT 2011"]
[Source "ChessBase"]
[SourceDate "2010.11.26"]
[SourceVersion "1"]
[SourceVersionDate "2010.11.26"]
[SourceQuality "1"]

1. d4 d5 2. c4 c6 3. cxd5 cxd5 4. Bf4 e6 5. Nc3 Bd6 6. Bg3 Bxg3 7. hxg3 Qb6 8. Qd2 Nc6 9. e3 Bd7 10. Nf3 Nf6 11. Rc1 Rc8 12. Bd3 Qb4 13. a3 Qe7 14. b4 e5 15. dxe5 Nxe5 16. Nxe5 Qxe5 17. Bb5 0-0 18. Bxd7 Nxd7 19. 0-0 Nf6 20. Rfd1 Rcd8 21. Qd4 Qxd4 22. Rxd4 Rd7 23. Rcd1 Rfd8 24. f3 Kf8 25. Kf2 Ke7 26. g4 g5 27. Kg3 h5 28. gxh5 Nxh5+ 29. Kg4 Nf6+ 30. Kf5 Rd6 31. R1d2 a6 32. e4 Nh5 33. Nxd5+ Kf8 34. e5 Ng7+ 35. Ke4 f5+ 36. Ke3 Re6 37. f4 gxf4+ 38. Kxf4 Rg6 39. Nc7 Rg4+ 40. Ke3 Rg3+ 41. Ke2 Rxd4 42. Rxd4 Rxa3 43. e6 Ra2+ 44. Kf3 Nh5 45. Rd8+ Ke7 46. Rd7+ Kf6 47. e7 Ra3+ 48. Ke2 Ra2+ 49. Kd3 Ng7 50. e8Q Nxe8 51. Nxe8+ Ke5 52. Re7+ Kd5 53. Rxb7 Ra3+ 54. Ke2 Kc6 55. Rf7 Rb3 56. Rxf5 Rxb4 57. Nf6 Ra4 58. Kf3 Ra2 59. g4 Kd6 60. Ne4+ Ke7 1-0

[Event "Dresden ZMD op"]
[Site "Dresden"]
[Date "2010.07.11"]
[Round "2"]
[White "Kimmich, Bernd"]
[Black "Iljin, Artem"]
[Result "0-1"]
[WhiteElo "1930"]
[BlackElo "2546"]
[PlyCount "74"]
[EventDate "2010.07.10"]
[EventType "swiss"]
[EventRounds "9"]
[EventCountry "GER"]
[SourceTitle "CBM 137 Extra"]
[Source "ChessBase"]
[SourceDate "2010.09.01"]
[SourceVersion "1"]
[SourceVersionDate "2010.09.01"]
[SourceQuality "1"]

1. d4 Nf6 2. c4 e6 3. Nf3 b6 4. Nc3 Bb4 5. Bd2 Bb7 6. e3 0-0 7. Be2 d5 8. Rc1 a6 9. cxd5 exd5 10. 0-0 Bd6 11. Qc2 Nbd7 12. Bd3 Re8 13. Rfd1 Ne4 14. Be1 Qf6 15. Qb3 Qf5 16. Ne2 Rab8 17. Ng3 Qf6 18. Qa4 Re7 19. b4 b5 20. Qc2 Nb6 21. a3 Nc4 22. Qa2 Rbe8 23. Bxe4 dxe4 24. Nd2 Nb6 25. Qc2 Bd5 26. Ra1 Qg5 27. Rdc1 Re6 28. Qd1 Rh6 29. Nb3 f5 30. Nc5 f4 31. Nf1 f3 32. Ng3 fxg2 33. Kxg2 Qh4 34. Kf1 Bc4+ 35. Rxc4 Nxc4 36. Ncxe4 Rxe4 37. Nxe4 Qxe4 0-1

[Event "Niedersachsen-ch open"]
[Site "Verden"]
[Date "2010.01.05"]
[Round "5.36"]
[White "Kimmich, Bernd"]
[Black "Suendorf, Dominik"]
[Result "1/2-1/2"]
[WhiteElo "1928"]
[BlackElo "1752"]
[PlyCount "177"]
[EventDate "2010.01.03"]
[EventType "swiss"]
[EventRounds "7"]
[EventCountry "GER"]
[SourceTitle "EXT 2012"]
[Source "ChessBase"]
[SourceDate "2011.11.24"]
[SourceVersion "1"]
[SourceVersionDate "2011.11.24"]
[SourceQuality "1"]

1. d4 d5 2. c4 e6 3. Nf3 Nf6 4. Nc3 Be7 5. e3 0-0 6. Qc2 b6 7. cxd5 exd5 8. Bd3 c5 9. b3 Bb7 10. 0-0 Nbd7 11. Ba3 Re8 12. Rac1 Rc8 13. dxc5 Nxc5 14. Bf5 Ncd7 15. Bxe7 Qxe7 16. Qb2 Ne4 17. Nxe4 dxe4 18. Nd4 Rc5 19. b4 Rxc1 20. Rxc1 Ne5 21. Qb1 Nd3 22. Rc4 Bd5 23. Rc8 Rxc8 24. Bxc8 Qxb4 25. Qxb4 Nxb4 26. a3 Nd3 27. Ba6 Nc5 28. Bb5 a6 29. Be2 g6 30. Kf1 Kf8 31. Ke1 Ke7 32. Kd2 Kd6 33. h4 b5 34. Kc3 Ne6 35. Nxe6 Bxe6 36. Kb4 Kc6 37. Ka5 Bc8 38. g4 Kc5 39. g5 Kc6 40. Bd1 Kb7 41. f3 Kc6 42. fxe4 Kd6 43. Bb3 Ke7 44. e5 Kf8 45. Kb6 Kg7 46. Kc7 Bf5 47. Kb7 a5 48. Kb6 a4 49. Bd5 Bd7 50. Kc5 Kf8 51. Be4 Ke7 52. Bd3 b4 53. Kxb4 Ke6 54. Bb5 Bc8 55. Bxa4 Kxe5 56. Bc6 f6 57. gxf6 Kxf6 58. a4 g5 59. hxg5+ Kxg5 60. a5 h5 61. Kc3 h4 62. Kd2 Kf5 63. Ke2 Ke5 64. Kf2 Kd6 65. Bb5 Kc5 66. Be2 Kd5 67. Kf3 h3 68. Bf1 h2 69. Bg2 Kc5 70. Kg3 Kb5 71. Kxh2 Kxa5 72. Kg3 Kb6 73. Kf4 Kc7 74. Ke5 Kd8 75. Bd5 Ke7 76. e4 Bh3 77. Kd4 Bd7 78. Kc5 Bh3 79. e5 Bg4 80. Kd4 Bh3 81. Ke3 Bc8 82. Kf4 Bh3 83. Be4 Bc8 84. Kg5 Ba6 85. Bc2 Bc4 86. Bd1 Bd3 87. Bb3 Bb5 88. Kf5 Bd3+ 89. Kf4 1/2-1/2

[Event "Niedersachsen-ch open"]
[Site "Verden"]
[Date "2010.01.04"]
[Round "4.13"]
[White "Guennigmann, Manuel"]
[Black "Kimmich, Bernd"]
[Result "1-0"]
[WhiteElo "2164"]
[BlackElo "1928"]
[PlyCount "45"]
[EventDate "2010.01.03"]
[EventType "swiss"]
[EventRounds "7"]
[EventCountry "GER"]
[SourceTitle "EXT 2012"]
[Source "ChessBase"]
[SourceDate "2011.11.24"]
[SourceVersion "1"]
[SourceVersionDate "2011.11.24"]
[SourceQuality "1"]

1. e4 d5 2. exd5 Qxd5 3. Nc3 Qa5 4. Bc4 Bf5 5. d3 c6 6. Bd2 Nd7 7. Nge2 e6 8. 0-0 Ngf6 9. Ng3 Bg6 10. Nce4 Qc7 11. f4 Bxe4 12. Nxe4 Nxe4 13. dxe4 Qb6+ 14. Kh1 Qxb2 15. f5 Qe5 16. fxe6 fxe6 17. Bf4 Qxe4 18. Bxe6 0-0-0 19. Qg4 Bc5 20. Rad1 Bd4 21. Rfe1 h5 22. Bxd7+ Rxd7 23. Qxd7+ 1-0

[Event "Niedersachsen-ch op"]
[Site "Verden"]
[Date "2009.01.06"]
[Round "7"]
[White "Kimmich, Bernd"]
[Black "Jung, Gerald"]
[Result "0-1"]
[WhiteElo "1891"]
[BlackElo "2056"]
[PlyCount "92"]
[EventDate "2009.01.03"]
[EventType "swiss"]
[EventRounds "7"]
[EventCountry "GER"]
[SourceTitle "EXT 2012"]
[Source "ChessBase"]
[SourceDate "2011.11.24"]
[SourceVersion "1"]
[SourceVersionDate "2011.11.24"]
[SourceQuality "1"]

1. d4 Nf6 2. c4 g6 3. Nc3 Bg7 4. Nf3 0-0 5. e3 d6 6. Be2 Nbd7 7. b3 e5 8. Qc2 c6 9. Bb2 Re8 10. dxe5 dxe5 11. 0-0 Qc7 12. Rfd1 Nf8 13. Ba3 N6d7 14. Bd6 Qd8 15. Rac1 f5 16. c5 e4 17. Nd4 Qf6 18. b4 a6 19. Bc4+ Kh8 20. Nde2 Ne5 21. Bxe5 Qxe5 22. Rd6 Ne6 23. Qb3 Bf8 24. Rd2 g5 25. Ng3 Kg7 26. Rcd1 Kg6 27. Qc2 h5 28. f3 h4 29. fxe4 hxg3 30. exf5+ Kh6 31. fxe6 gxh2+ 32. Kh1 Bxe6 33. Bxe6 Rxe6 34. Rd7 Bg7 35. R7d6 Rae8 36. R1d3 Qg3 37. Qd2 Be5 38. Ne4 Qh4 39. Rxe6+ Rxe6 40. Nf2 Rf6 41. Rd6 Bxd6 42. cxd6 Qxf2 43. Qxf2 Rxf2 44. e4 Rd2 45. e5 Kg6 46. Kxh2 Kf5 0-1

[Event "Bad Woerishofen op 24th"]
[Site "Bad Woerishofen"]
[Date "2008.03.05"]
[Round "7"]
[White "Reinke, Kurt"]
[Black "Kimmich, Bernd"]
[Result "0-1"]
[WhiteElo "1835"]
[BlackElo "1707"]
[PlyCount "66"]
[EventDate "2008.02.28"]
[EventType "swiss"]
[EventRounds "9"]
[EventCountry "GER"]
[SourceTitle "EXT 2022"]
[Source "ChessBase"]
[SourceDate "2021.10.06"]
[SourceVersion "1"]
[SourceVersionDate "2021.10.06"]
[SourceQuality "1"]

1. d4 d5 2. c4 c6 3. Nf3 Nf6 4. Nc3 e6 5. Bg5 Be7 6. e3 Nbd7 7. Bd3 b6 8. Rc1 Bb7 9. 0-0 0-0 10. cxd5 exd5 11. Bb1 Re8 12. Nd2 h6 13. Bh4 c5 14. Re1 Ne4 15. Bxe7 Qxe7 16. Nf3 Rac8 17. Bd3 Qe6 18. Bb5 a6 19. Be2 Qf5 20. Nxe4 dxe4 21. Nh4 Qf6 22. Bg4 Rcd8 23. g3 cxd4 24. exd4 Nc5 25. Rf1 Rxd4 26. Qc2 Qg5 27. Rcd1 Rd3 28. Be2 Qd5 29. b4 e3 30. f3 Rd2 31. Rxd2 exd2 32. Bd1 Qd4+ 33. Kh1 Re1 0-1

[Event "Bad Woerishofen op 24th"]
[Site "Bad Woerishofen"]
[Date "2008.02.28"]
[Round "1"]
[White "Kimmich, Bernd"]
[Black "Riegler, Dieter"]
[Result "1/2-1/2"]
[WhiteElo "1814"]
[BlackElo "2155"]
[PlyCount "97"]
[EventDate "2008.02.28"]
[EventType "swiss"]
[EventRounds "9"]
[EventCountry "GER"]
[SourceTitle "CBM 123 Extra"]
[Source "ChessBase"]
[SourceDate "2008.05.06"]
[SourceVersion "1"]
[SourceVersionDate "2008.05.06"]
[SourceQuality "1"]

1. d4 Nf6 2. c4 g6 3. Nc3 Bg7 4. Nf3 0-0 5. e3 d6 6. Qc2 c5 7. Be2 Nc6 8. a3 e6 9. 0-0 a6 10. b3 b6 11. Bb2 Bb7 12. Rfd1 Qc7 13. Rac1 Rac8 14. d5 exd5 15. Nxd5 Nxd5 16. cxd5 Ne7 17. Bxg7 Kxg7 18. e4 h6 19. e5 Nxd5 20. Bxa6 Bxa6 21. Rxd5 dxe5 22. Nxe5 Rcd8 23. Rxd8 Rxd8 24. Qc3 f6 25. Ng4 Qf4 26. h3 Rd3 27. Qe1 Qd6 28. Qe2 Bb5 29. a4 Ba6 30. Re1 Bc8 31. Qe7+ Qxe7 32. Rxe7+ Kf8 33. Re3 Rxe3 34. Nxe3 Be6 35. Nc4 Bxc4 36. bxc4 Ke7 37. Kf1 f5 38. f4 g5 39. Kf2 Kd6 40. Kf3 Ke6 41. g3 Kf6 42. fxg5+ hxg5 43. h4 Kg6 44. Kg2 f4 45. hxg5 Kxg5 46. Kf3 fxg3 47. Kxg3 Kf5 48. Kf3 Ke5 49. Ke3 1/2-1/2